| 000 | 01198 a2200253 4500 | ||
|---|---|---|---|
| 003 | Nust | ||
| 005 | 20220804110317.0 | ||
| 010 | _a 2005279438 | ||
| 020 | _a0750650788 | ||
| 035 | _a(OCoLC)ocm49045100 | ||
| 040 | _cNust | ||
| 082 | 0 | 4 | _a006.37,NIX |
| 100 | 1 |
_aNixon, Mark S. _996516 |
|
| 245 | 1 | 0 |
_aFeature extraction and image processing / _cMark S. Nixon, Alberto S. Aguado. |
| 250 | _a1st ed. | ||
| 260 |
_aOxford ; _aBoston : _bNewnes, _c2002. |
||
| 300 |
_axii, 350 p. : _bill. ; _c25 cm. |
||
| 505 | _aIntroduction (Page-1), Images, Sampling and Frequency Domain Processing (Page-31), Basic Image Processing Operations (Page-67), Low-Level Feature Extraction (Page-99), Feature Extraction by Shape Matching (Page-161), Flexible Shape Extraction (Page-217), Object Description (Page-247), Introduction to Texture Description, Segmentation and Classification (Page-291). | ||
| 650 | 0 | _aTelecommunication Engineering. | |
| 700 | 1 |
_aAguado, Alberto S. _996517 |
|
| 856 | 4 | 2 |
_3Publisher description _uhttp://www.loc.gov/catdir/enhancements/fy0626/2005279438-d.html |
| 856 | 4 | 2 |
_3Table of contents only _uhttp://www.loc.gov/catdir/enhancements/fy0626/2005279438-t.html |
| 942 |
_cREF _2ddc |
||
| 999 |
_c175644 _d175644 |
||